000 00621nam a22002295b 4500
001 bimo0000415114
003 OSt
005 20150226085324.0
008 941003s1994 sp | |||| ||spa
020 _a84-206-1630-X
040 _cBMC
082 _a808.83172
082 _aMx862
100 1 _aPaz, Octavio
_d1914-1998
_9207
245 1 0 _aArenas movedizas
_b; La hija de Rappaccini
_cOctavio Paz
260 _aMadrid
_bAlianza
_ccop. 1994
300 _a91 p.
_c15 cm
650 2 4 _912742
_aCuentos mexicanos
650 2 4 _929575
_aTeatro mexicano
740 3 1 _aLa hija de Rappaccini.
942 _2ddc
_cBK
_hahoj
999 _c18991
_d18991